| 000 | 00645nam a22002537a 4500 | ||
|---|---|---|---|
| 003 | UA-OsUOA | ||
| 001 | 30867 | ||
| 007 | ta | ||
| 008 | 20041116b un ||||| |||| 00| 0 ukr d | ||
| 100 | _aСтеповик Дмитро | ||
| 090 |
_a730(477) _bС79 |
||
| 942 | _cBK | ||
| 040 |
_aUA-OsUOA _bukr _cUA-OsUOA _dUA-OsUOA |
||
| 245 |
_aСкульптор Лео Мол _bЖиття і творчість |
||
| 300 |
_a224 с. _bІлюстрації |
||
| 955 | _a0 | ||
| 041 | _aukr | ||
| 080 | _a730(477) | ||
| 020 | _a5-7715-0741-5 | ||
| 260 |
_aКиїв _bМистецтво _c1995 |
||
| 044 | _aUA | ||
| 650 | 7 | _2UDC | |
| 999 |
_c317282 _d317282 |
||